Invest for the future (Record no. 76081)

MARC details
000 -LEADER
fixed length control field 01261cab a2200193 4500
001 - CONTROL NUMBER
control field ##L131433
008 - FIXED-LENGTH DATA ELEMENTS--GENERAL INFORMATION
fixed length control field 051103n2005 000 0 eng u
035 ## - SYSTEM CONTROL NUMBER
System control number (Sirsi) u131433
041 0# - LANGUAGE CODE
Language code of text/sound track or separate title eng
100 1# - MAIN ENTRY--PERSONAL NAME
Personal name Staveley, Charles
245 00 - TITLE STATEMENT
Title Invest for the future
260 3# - PUBLICATION, DISTRIBUTION, ETC.
Date of publication, distribution, etc. 2005
490 0# - SERIES STATEMENT
Series statement Estates Gazette
Volume/sequential designation 22 October 2005, 230-231(2)
520 ## - SUMMARY, ETC.
Summary, etc. Explains the significance of the change to the rules on permitted alternative investments from 6 April 2006 (A day) for both those seeking to enhance their pension arrangements and those involved in the property industry. From A day the restricted choice of assets that investors can currently include in self-invested pensions (SIPPs) will be opened up to alternative assets such as private equity funds, residential property, hedge funds, wine and art. Looks at the proposals to allow the acquisition and ownership of overseas property. Notes that government is expected to clarify the full extent of the new rules in November 2005 and that HM Treasury has issued a consultation on the regulation of SIPPs seeking responses by 23 December 2005.
590 ## - LOCAL NOTE (RLIN)
Local note IKA081105
690 ## - LOCAL SUBJECT ADDED ENTRY--TOPICAL TERM (OCLC, RLIN)
Topical term or geographic name as entry element PROPERTY-RESIDENTIAL PROPERTY-RESIDENTIAL PROPERTY FINANCE AND INVESTMENT
700 1# - ADDED ENTRY--PERSONAL NAME
Personal name Wrench, Ken
942 ## - ADDED ENTRY ELEMENTS (KOHA)
Suppress in OPAC 0
Holdings
Withdrawn status Lost status Source of classification or shelving scheme Damaged status Not for loan Home library Current library Shelving location Date acquired Total Checkouts Full call number Barcode Date last seen Copy number Price effective from Koha item type
    Dewey Decimal Classification     London London Journal article 03/11/2005   L131433 131433-1001 06/08/2019 1 06/08/2019 Journal article